| 000 | 02115nam a2200277 4500 | ||
|---|---|---|---|
| 001 | 0000020367 | ||
| 003 | CO-CtgCURN | ||
| 005 | 20250730205956.0 | ||
| 008 | 160627s2004 000 0 eng d | ||
| 020 | _a9586906434 | ||
| 040 |
_aCO-CtgCURN _bspa _ccoctgcurn |
||
| 082 | 0 |
_a657.6 _bG65r |
|
| 100 | 1 | _aGómez Sierra, Francisco. | |
| 245 | 1 | 0 |
_aEl regimen contable y los contadores publicos / _cFrancisco Gómez Sierra. |
| 250 | _a3a ed. | ||
| 260 |
_aBogotá : _bLeyer, _c2004. |
||
| 300 | _a375 p. | ||
| 336 | _2rdacontent | ||
| 337 |
_2rdamedia _asin mediacion _bn |
||
| 338 |
_2rdacarrier _avolumen _bnc |
||
| 505 | 8 | _aLibros y papeles del comerciante.--Reserva y exhibicion de libros de comercio.--Eficacia probatoria de los libros y papeles de comercio.--El regimen contable.--Decreto 2649 de 1993.--De los principios de contabilidad generales de la informacion contable.--Normas basicas.--De los estados financieros y sus elementos.--De los elementos de los estados financieros.--De las normas tecnicas generales.--Normas tecnicas especificas.--Normas sobre los pasivos.--Normas sobre el patrimonio.--Normas sobre las cuentas de resultados.--Operaciones descontinuas y empresas en liquidacion.--Normas tecnicas sobre revelaciones.--De las normas sobre registro y libros.--Disposiciones finales. decreto 2650 de 1993.--Catalogo de cuentas.--Descripcion y dinamicas.--Regimen juridico de los contadores publicas.--Ley 43 de 1990.--De la profesion del contador publico.--Del ejercicio de la profesion.--De la vigilancia y dirección de la profesion.--Junta central de contadores.--Del consejo tecnico de la contaduria publica.--Código de etica profesional.--De las relaciones del contador publico con los usuarios de sus servicios.--De la publicidad. relaciones del empleador publico con sus colegas.--El secreto profesional o confidencial.--De las relaciones del contador publico con la sociedad y el estado | |
| 650 | 0 |
_aComerciantes _vLegislacion _zColombia. |
|
| 908 | _a160627 | ||
| 942 |
_cBK _h657.6 _iG65r _2ddc |
||
| 999 |
_c49339 _d49339 _x1 |
||